| 000 | 00658nam a2200169 i 4500 | ||
|---|---|---|---|
| 001 | 46383 | ||
| 003 | ES-MaACL | ||
| 005 | 20230906161354.0 | ||
| 007 | t| | ||
| 008 | 030328s1954 xxu ||||1| spa d | ||
| 111 | 2 |
_aConferencia sobre los Problemas de Nutrición en la América Latina ( _d1953. _cCaracas) _9220 |
|
| 245 | 1 | 0 |
_aInforme de la Tercera Conferencia sobre los Problemas de Nutrición en la América Latina _b: Venezuela del 19 al 28 de octubre de 1953. |
| 260 |
_aWashington : _bOficina Sanitaria Panamericana, _c[1954] |
||
| 300 |
_a54 p. ; _c23 cm. |
||
| 710 | 2 |
_aOficina Sanitaria Panamericana. _96025 |
|
| 852 |
_aES-MaACL _j1995-F-17 _bR.38407 |
||
| 999 |
_c46383 _d46383 |
||